[Event "Amber 2010 - Alla cieca"]
[Site "Nizza"]
[Date "25.03.2010"]
[Round "11C"]
[White "Ponomariov, R."]
[Black "Smeets, J."]
[Result "1/2-1/2"]
[WhiteElo "2737"]
[BlackElo "2651"]
[PlyCount "70"]
[EventDate "2010.03.13"]

1. d4 d5 2. c4 c6 3. Nc3 Nf6 4. cxd5 cxd5 5. Bf4 Nc6 6. e3 Bf5 7. Rc1 e6 8. Qb3
Bb4 9. Bb5 O-O 10. Bxc6 Bxc3+ 11. Rxc3 bxc6 12. Qa3 Ne4 13. Rc1 g5 14. Bg3 Qb6
15. Nf3 f6 16. Nd2 Nxg3 17. hxg3 a5 18. O-O a4 19. Qc3 Rfb8 20. b3 axb3 21.
axb3 Ra6 22. Ra1 Rba8 23. Rfc1 Kg7 24. f3 h5 25. Kf2 Ra2 26. Ke1 Qb5 27. Rxa2
Rxa2 28. Qxc6 Qd3 29. Qc3 Ra1 30. Kf2 Qxc3 31. Rxc3 Rd1 32. Ke2 Rg1 33. Kf2 Rd1
34. Ke2 Rg1 35. Kf2 Rd1 1/2-1/2

[Event "Amber 2010 - Rapid"]
[Site "Nizza"]
[Date "23.03.2010"]
[Round "9R"]
[White "Aronian, L."]
[Black "Ponomariov, R."]
[Result "1-0"]
[WhiteElo "2782"]
[BlackElo "2737"]
[PlyCount "93"]
[EventDate "2010.03.13"]

1. c4 e6 2. Nc3 b6 3. d4 Bb7 4. a3 f5 5. Nf3 Nf6 6. g3 Ne4 7. Nxe4 Bxe4 8. Bh3
Bd6 9. O-O O-O 10. d5 Bxf3 11. exf3 e5 12. Qc2 Qf6 13. b4 c5 14. dxc6 Nxc6 15.
Bb2 Nd4 16. Bxd4 exd4 17. Rad1 a5 18. c5 Be7 19. cxb6 axb4 20. axb4 Kh8 21. b7
Rab8 22. Qc7 Qc6 23. Qf4 Bxb4 24. Bxf5 Rxb7 25. Qg4 Bc3 26. Be4 d5 27. Bd3 g6
28. f4 Qf6 29. Rb1 Re7 30. Rb5 Rd8 31. Rfb1 Kg7 32. Rb7 Rde8 33. f5 Rxb7 34.
Rxb7+ Re7 35. Rxe7+ Qxe7 36. fxg6 h6 37. Qf5 Bb4 38. Qxd5 Bd6 39. Qxd4+ Be5 40.
Qd5 Bc7 41. Kg2 Bb6 42. h4 Kf6 43. Qc6+ Qe6 44. Qf3+ Kg7 45. Qb7+ Kf6 46. Be4
Bd8 47. Qb2+ 1-0

[Event "Amber 2010 - Rapid"]
[Site "Nizza"]
[Date "24.03.2010"]
[Round "10R"]
[White "Gashimov, V."]
[Black "Karjakin, Sergey"]
[Result "1/2-1/2"]
[WhiteElo "2740"]
[BlackElo "2725"]
[PlyCount "54"]
[EventDate "2010.03.13"]

1. e4 c5 2. Nf3 d6 3. d4 cxd4 4. Nxd4 Nf6 5. Nc3 a6 6. Bg5 e6 7. f4 Qb6 8. Qd3
Qxb2 9. Rb1 Qa3 10. f5 Be7 11. fxe6 fxe6 12. Be2 Qa5 13. Bd2 Qc7 14. g4 h6 15.
Qh3 O-O 16. g5 hxg5 17. Nxe6 Qc6 18. O-O d5 19. exd5 Nxd5 20. Nxd5 Qxd5 21. Bd3
Rxf1+ 22. Rxf1 Bc5+ 23. Be3 Bxe3+ 24. Qxe3 Qxe6 25. Bc4 Qxc4 26. Qe8+ Kh7 27.
Qh5+ Kg8 1/2-1/2

[Event "Amber 2010 - Rapid"]
[Site "Nizza"]
[Date "25.03.2010"]
[Round "11R"]
[White "Svidler, P."]
[Black "Gashimov, V."]
[Result "1/2-1/2"]
[WhiteElo "2750"]
[BlackElo "2740"]
[PlyCount "86"]
[EventDate "2010.03.13"]

1. d4 Nf6 2. Nf3 e6 3. g3 b5 4. Qd3 a6 5. e4 Bb7 6. e5 Nd5 7. Bg2 d6 8. O-O Nd7
9. a4 b4 10. Nbd2 dxe5 11. Nxe5 Nxe5 12. dxe5 Be7 13. Ne4 O-O 14. h4 c5 15. Bg5
Qc7 16. Bxe7 Nxe7 17. Nd6 Bxg2 18. Kxg2 Qc6+ 19. Qf3 Rad8 20. Rfd1 Qxf3+ 21.
Kxf3 Nc6 22. Ke4 f5+ 23. exf6 gxf6 24. Nb7 Rd4+ 25. Rxd4 cxd4 26. Nc5 f5+ 27.
Kd3 e5 28. Nxa6 Rc8 29. f3 Kf7 30. g4 fxg4 31. fxg4 Ke6 32. Ke4 Na5 33. Nxb4
Rc4 34. Nd3 Rxc2 35. Re1 Nc4 36. Nc5+ Kd6 37. Kd3 Rxb2 38. Ne4+ Kd5 39. Nf6+
Ke6 40. Kxc4 Kxf6 41. Kd5 d3 42. Rf1+ Kg7 43. Kxe5 Rb4 1/2-1/2

[Event "Amber 2010 - Rapid"]
[Site "Nizza"]
[Date "25.03.2010"]
[Round "11R"]
[White "Smeets, J."]
[Black "Ponomariov, R."]
[Result "0-1"]
[WhiteElo "2651"]
[BlackElo "2737"]
[PlyCount "88"]
[EventDate "2010.03.13"]

1. e4 e5 2. Nf3 Nc6 3. d4 exd4 4. Nxd4 Bc5 5. Be3 Qf6 6. c3 Nge7 7. Bc4 O-O 8.
O-O b6 9. Nc2 Qg6 10. Nd2 Ne5 11. Be2 d5 12. Bxc5 bxc5 13. f4 N5c6 14. Bh5 Qh6
15. Bf3 Ba6 16. exd5 Bxf1 17. Nxf1 Rad8 18. g3 Nf5 19. Nce3 Nce7 20. Qa4 a6 21.
Rd1 Qb6 22. Qc2 c4 23. Qf2 Qb5 24. Rd2 Rfe8 25. h4 Nd6 26. g4 Ng6 27. Rd4 Rb8
28. h5 Nf8 29. Rd2 Re4 30. Ng3 Rxf4 31. Ng2 Rxf3 32. Qxf3 Nd7 33. Re2 f6 34. h6
Ne5 35. Rxe5 fxe5 36. hxg7 Qxb2 37. Qf6 Qb1+ 38. Kh2 Qg6 39. Qxe5 Re8 40. Qf4
Qf7 41. Nf5 Nxf5 42. gxf5 Kxg7 43. Ne3 Qe7 44. Ng4 Qd6 0-1